[Event "Hvar Arsenal blitz op 2nd"]
[Site "Hvar"]
[Date "2023.10.19"]
[Round "11"]
[White "Nikolic, Nebojsa"]
[Black "Sisic, Muhamed"]
[Result "0-1"]
[WhiteElo "2236"]
[BlackElo "2171"]
[PlyCount "58"]
[EventDate "2023.10.19"]
[EventType "swiss (blitz)"]
[EventRounds "11"]
[EventCountry "CRO"]
[SourceTitle "Mega2024 Update 01"]
[Source "Chessbase"]
[SourceDate "2023.11.12"]
[SourceVersion "1"]
[SourceVersionDate "2023.11.12"]
[SourceQuality "1"]

1. d4 Nf6 2. Bf4 g6 3. Nc3 d5 4. e3 Bg7 5. h4 h5 6. Nf3 0-0 7. Be2 Bg4 8. Ne5 Bxe2 9. Nxe2 Nbd7 10. c3 c5 11. a4 Ne4 12. Nxd7 Qxd7 13. f3 Nf6 14. Be5 cxd4 15. exd4 Qc6 16. Nf4 a6 17. Nd3 Bh6 18. g4 hxg4 19. fxg4 Ne4 20. g5 Bg7 21. h5 b5 22. a5 Qe6 23. Qe2 Bxe5 24. Nxe5 Ng3 25. Qh2 Nxh1 26. Qxh1 b4 27. cxb4 Qf5 28. Nc6 Qxg5 29. Ra3 Qc1+ 0-1

[Event "Hvar Arsenal blitz op 2nd"]
[Site "Hvar"]
[Date "2023.10.19"]
[Round "7"]
[White "Wu, Yixing"]
[Black "Sisic, Muhamed"]
[Result "1-0"]
[WhiteElo "2010"]
[BlackElo "2171"]
[PlyCount "125"]
[EventDate "2023.10.19"]
[EventType "swiss (blitz)"]
[EventRounds "11"]
[EventCountry "CRO"]
[SourceTitle "Mega2024 Update 01"]
[Source "Chessbase"]
[SourceDate "2023.11.12"]
[SourceVersion "1"]
[SourceVersionDate "2023.11.12"]
[SourceQuality "1"]

1. Nf3 d5 2. g3 Nf6 3. Bg2 c5 4. 0-0 Nc6 5. d4 cxd4 6. Nxd4 e5 7. Nxc6 bxc6 8. c4 Be6 9. Bg5 e4 10. Nc3 Be7 11. Qa4 0-0 12. Rad1 Qb6 13. Bxf6 Bxf6 14. cxd5 cxd5 15. Nxd5 Bxd5 16. Rxd5 e3 17. Rb5 exf2+ 18. Kh1 Qe6 19. Bxa8 Rxa8 20. Rxf2 Rd8 21. Rbf5 Rd7 22. Kg2 Bxb2 23. Qb3 Qxb3 24. axb3 f6 25. e4 Be5 26. R5f3 Rb7 27. Ra2 Kf7 28. Rd3 Kg6 29. Kf3 Rc7 30. Ra6 Rb7 31. h4 h5 32. g4 hxg4+ 33. Kxg4 Rb4 34. h5+ Kh6 35. Kf5 Rb7 36. Rd8 Kh7 37. Rd3 Rc7 38. b4 Rb7 39. Ra4 Kh6 40. Ke6 Bb8 41. Rd7 Rb6+ 42. Kd5 a6 43. Kc5 Re6 44. Rb7 Bf4 45. Kd5 Re5+ 46. Kd4 Re6 47. Ra7 Be5+ 48. Ke3 Rc6 49. R7xa6 Rc3+ 50. Ke2 Rh3 51. b5 Kxh5 52. Rb4 Kg4 53. b6 Kf4 54. b7 g5 55. b8Q Bxb8 56. Rxb8 Rh2+ 57. Kd3 Rh3+ 58. Kd4 g4 59. Rxf6+ Kg5 60. Rf5+ Kh4 61. Rh8+ Kg3 62. Rxh3+ gxh3 63. Rh5 1-0

[Event "Hvar op"]
[Site "Hvar"]
[Date "2023.10.17"]
[Round "4"]
[White "Gakic, Miodrag"]
[Black "Sisic, Muhamed"]
[Result "1-0"]
[WhiteElo "1880"]
[BlackElo "2226"]
[PlyCount "79"]
[EventDate "2023.10.15"]
[EventType "swiss"]
[EventRounds "9"]
[EventCountry "CRO"]
[SourceTitle "Mega2024 Update 01"]
[Source "Chessbase"]
[SourceDate "2023.11.12"]
[SourceVersion "1"]
[SourceVersionDate "2023.11.12"]
[SourceQuality "1"]

1. e4 c5 2. Nf3 a6 3. c4 Nc6 4. d4 cxd4 5. Nxd4 e5 6. Nc2 Nf6 7. Nc3 d6 8. Be2 Be7 9. Be3 0-0 10. 0-0 Be6 11. Qd3 Ng4 12. Bxg4 Bxg4 13. Nd5 f5 14. Bb6 Qd7 15. f3 fxe4 16. fxe4 Rac8 17. Nce3 Be6 18. Rfd1 Bd8 19. Rac1 Kh8 20. Rf1 Re8 21. Rf3 Nb4 22. Qb3 Nxd5 23. exd5 Bf7 24. Rcf1 Bf6 25. Nf5 Bh5 26. R3f2 e4 27. Qg3 Be5 28. Qg5 e3 29. Bxe3 Bg6 30. Ne7 Bd3 31. Nxc8 Qxc8 32. Rd1 Bg6 33. b3 Rg8 34. Bd4 Re8 35. Bxe5 Rxe5 36. Rdf1 Re8 37. Qe7 h6 38. Rf8+ Kh7 39. Rxe8 Bxe8 40. Qxd6 1-0

[Event "BIH-chT1 30th"]
[Site "Gorazde"]
[Date "2023.08.30"]
[Round "8.3"]
[White "Sisic, Muhamed"]
[Black "Cunjalo, Faris"]
[Result "1/2-1/2"]
[WhiteElo "2075"]
[BlackElo "2202"]
[PlyCount "160"]
[EventDate "2023.08.26"]
[EventType "team-tourn"]
[EventRounds "9"]
[EventCountry "BIH"]
[SourceTitle "EXT 2024"]
[Source "ChessBase"]
[SourceDate "2023.10.10"]
[SourceVersion "1"]
[SourceVersionDate "2023.10.10"]
[SourceQuality "1"]

1. e4 c6 2. Nf3 d5 3. Nc3 Bg4 4. h3 Bxf3 5. Qxf3 dxe4 6. Nxe4 Nd7 7. Ng5 Ngf6 8. Qb3 e6 9. d4 h6 10. Nf3 Qc7 11. Bd3 Bd6 12. 0-0 0-0-0 13. c4 c5 14. Be3 cxd4 15. Bxd4 Nc5 16. Bxc5 Bxc5 17. Qc3 Nh5 18. Qc2 Nf4 19. Rfd1 Nxh3+ 20. gxh3 Qg3+ 21. Kf1 Qxf3 22. Be4 Qxh3+ 23. Bg2 Qf5 24. Be4 Qf4 25. Bg2 g5 26. b4 Bd4 27. Rab1 g4 28. Rd3 h5 29. Re1 h4 30. Re4 Qxf2+ 31. Qxf2 Bxf2 32. Rxd8+ Rxd8 33. Rxg4 Bg3 34. Rg7 Rd7 35. b5 b6 36. Ke2 Kc7 37. Bc6 Re7 38. a4 Kd6 39. Rg5 f5 40. Kd3 Ke5 41. Rg6 Kf4 42. a5 Bf2 43. a6 e5 44. Rg8 e4+ 45. Ke2 Bd4 46. Bd5 Bc5 47. Rh8 Kg5 48. Ba8 f4 49. Rg8+ Kf6 50. Rg4 f3+ 51. Kf1 h3 52. Bxe4 h2 53. Bxf3 Re3 54. Bd5 Rh3 55. Bh1 Rc3 56. Rh4 Rc1+ 57. Kg2 Bd6 58. Rh6+ Ke7 59. Rh7+ Kf8 60. Rd7 Rg1+ 61. Kh3 Be5 62. Rd5 Bc7 63. Rd7 Be5 64. Rd5 Re1 65. c5 bxc5 66. Rxc5 Bd6 67. Rc6 Ke7 68. Rxd6 Kxd6 69. Kxh2 Kc5 70. Bc6 Rf1 71. Kg2 Rf6 72. Kg3 Rf7 73. Kg4 Kd6 74. Kg3 Kc7 75. Kg4 Kb6 76. Kg3 Rf8 77. Kg4 Rf7 78. Kg3 Rf6 79. Kg4 Rxc6 80. bxc6 Kxc6 1/2-1/2

[Event "BIH-chT1 30th"]
[Site "Gorazde"]
[Date "2023.08.27"]
[Round "2.3"]
[White "Sisic, Muhamed"]
[Black "Redzepi, Mehmedalija"]
[Result "1-0"]
[WhiteElo "2075"]
[BlackElo "1858"]
[PlyCount "115"]
[EventDate "2023.08.26"]
[EventType "team-tourn"]
[EventRounds "9"]
[EventCountry "BIH"]
[SourceTitle "EXT 2024"]
[Source "ChessBase"]
[SourceDate "2023.10.10"]
[SourceVersion "1"]
[SourceVersionDate "2023.10.10"]
[SourceQuality "1"]

1. d4 e6 2. Nf3 d5 3. c4 Nf6 4. Nc3 c6 5. e3 Bd6 6. Bd3 a6 7. a4 b6 8. 0-0 Nbd7 9. e4 dxe4 10. Nxe4 Bc7 11. Bg5 h6 12. Bh4 g5 13. Bg3 Nxe4 14. Bxe4 Bb7 15. d5 cxd5 16. cxd5 Bxg3 17. dxe6 Bxe4 18. exd7+ Qxd7 19. Qxd7+ Kxd7 20. fxg3 Rae8 21. Nd4 Bg6 22. Rf6 Re4 23. Rd1 Kc7 24. a5 bxa5 25. Rxa6 Rb8 26. Ra7+ Kb6 27. Rd7 a4 28. Rc1 Ree8 29. Rd6+ Kb7 30. Rcc6 Rbd8 31. Rb6+ Ka8 32. Ra6+ Kb7 33. Rxd8 Rxd8 34. Rxa4 Kb6 35. Nf3 f6 36. g4 Be8 37. Re4 Bd7 38. Nd4 Rb8 39. b4 Kc7 40. Nc2 Kd6 41. Rd4+ Ke7 42. Ne3 Rb5 43. Nd5+ Kf7 44. Nc7 Bc6 45. Nxb5 Bxb5 46. Kf2 Ke6 47. Ke3 Bc6 48. Rd2 Ke5 49. Rc2 Ba4 50. Rc5+ Kd6 51. Ke4 Ke7 52. Kd5 Kd7 53. Rc3 Bb5 54. Kc5 Bc6 55. Rc2 Bb7 56. Kb6 Ba8 57. b5 Kd6 58. Ka7 1-0

[Event "Konjic op 12th"]
[Site "Konjic"]
[Date "2023.03.03"]
[Round "4"]
[White "Sisic, Muhamed"]
[Black "Marjanovic, Alex"]
[Result "1/2-1/2"]
[WhiteElo "1952"]
[BlackElo "2022"]
[PlyCount "51"]
[EventDate "2023.03.01"]
[EventType "swiss"]
[EventRounds "7"]
[EventCountry "BIH"]
[SourceTitle "CBM 213 Extra"]
[Source "ChessBase"]
[SourceDate "2023.05.31"]
[SourceVersion "1"]
[SourceVersionDate "2023.05.31"]
[SourceQuality "1"]

1. e4 c6 2. Nc3 d5 3. Nf3 dxe4 4. Nxe4 Nf6 5. Nxf6+ exf6 6. d4 Bd6 7. h3 0-0 8. Be3 Re8 9. Be2 Nd7 10. 0-0 f5 11. Re1 Nf6 12. Bc4 h6 13. Ne5 Nd5 14. Bxd5 cxd5 15. f4 Be6 16. c3 f6 17. Nd3 Bf7 18. Bf2 Qc7 19. Rxe8+ Rxe8 20. Qf3 Re4 21. Re1 Qc4 22. a3 Bh5 23. Qxh5 Qxd3 24. g3 Rxe1+ 25. Bxe1 Qe4 26. Kf2 1/2-1/2

[Event "Konjic op 12th"]
[Site "Konjic"]
[Date "2023.03.03"]
[Round "5"]
[White "Vidovic, Mario"]
[Black "Sisic, Muhamed"]
[Result "1/2-1/2"]
[WhiteElo "2200"]
[BlackElo "1952"]
[PlyCount "24"]
[EventDate "2023.03.01"]
[EventType "swiss"]
[EventRounds "7"]
[EventCountry "BIH"]
[SourceTitle "CBM 213 Extra"]
[Source "ChessBase"]
[SourceDate "2023.05.31"]
[SourceVersion "1"]
[SourceVersionDate "2023.05.31"]
[SourceQuality "1"]

1. Nf3 c5 2. c3 d5 3. d4 cxd4 4. cxd4 Nc6 5. Nc3 Nf6 6. Bf4 Qb6 7. Na4 Qa5+ 8. Bd2 Qc7 9. Nc3 a6 10. e3 Bf5 11. Rc1 e6 12. Be2 Bd6 1/2-1/2

[Event "Tuzla op 16th"]
[Site "Tuzla"]
[Date "2022.11.27"]
[Round "7"]
[White "Sisic, Muhamed"]
[Black "Sinanovic, Ermin"]
[Result "0-1"]
[WhiteElo "1839"]
[BlackElo "2127"]
[PlyCount "118"]
[EventDate "2022.11.24"]
[EventType "swiss"]
[EventRounds "7"]
[EventCountry "BIH"]
[SourceTitle "CBM 211 Extra"]
[Source "ChessBase"]
[SourceDate "2023.01.31"]
[SourceVersion "1"]
[SourceVersionDate "2023.01.31"]
[SourceQuality "1"]

1. d4 g6 2. Nf3 Bg7 3. Bf4 d6 4. c3 Nf6 5. e3 Nh5 6. Bg3 Nxg3 7. hxg3 Nc6 8. Qb3 0-0 9. Nbd2 e5 10. d5 Ne7 11. e4 c6 12. Bc4 b5 13. Be2 cxd5 14. exd5 Bb7 15. Bxb5 Bxd5 16. Qc2 Qb6 17. Ba4 Qa6 18. Bb3 Bc6 19. Bc4 Qb7 20. 0-0 d5 21. Bb3 a5 22. Qc1 Rab8 23. Rb1 Nf5 24. Nh4 Nd6 25. Nhf3 Qa7 26. Re1 Rfe8 27. Nf1 Nf5 28. Qd1 e4 29. Nh4 Ne7 30. g4 a4 31. Bc2 a3 32. Bb3 axb2 33. Qd2 Qa5 34. Re3 Bh6 35. Rxb2 Ba4 36. c4 Qxd2 37. Rxd2 Bxb3 38. axb3 dxc4 39. bxc4 Rb1 40. Rde2 Bxe3 41. Rxe3 g5 42. Nf5 Nxf5 43. gxf5 Rd8 44. Rxe4 Rdd1 45. f6 Rxf1+ 46. Kh2 h5 47. Re5 Rh1+ 48. Kg3 g4 49. Kf4 Rbe1 50. Rd5 Re8 51. Kg5 Rh2 52. Kh6 Rc8 53. Rg5+ Kf8 54. Kh7 Ke8 55. Re5+ Kd7 56. Re7+ Kd6 57. f3 Rxg2 58. fxg4 Rxg4 59. c5+ Rxc5 0-1

[Event "Tuzla op 16th"]
[Site "Tuzla"]
[Date "2022.11.26"]
[Round "4"]
[White "Sisic, Muhamed"]
[Black "Kekic, Armin"]
[Result "0-1"]
[WhiteElo "1839"]
[BlackElo "2138"]
[PlyCount "58"]
[EventDate "2022.11.24"]
[EventType "swiss"]
[EventRounds "7"]
[EventCountry "BIH"]
[SourceTitle "CBM 211 Extra"]
[Source "ChessBase"]
[SourceDate "2023.01.31"]
[SourceVersion "1"]
[SourceVersionDate "2023.01.31"]
[SourceQuality "1"]

1. d4 d6 2. Nf3 g6 3. e4 Nf6 4. Bd3 Bg7 5. c3 0-0 6. 0-0 c6 7. Re1 Qc7 8. Bf4 Nh5 9. Be3 e5 10. dxe5 dxe5 11. Qc1 Nd7 12. Nbd2 Qd6 13. Bc4 b5 14. Bb3 Nc5 15. Rd1 Qe7 16. Bc2 f5 17. c4 Ne6 18. exf5 gxf5 19. Bxf5 Rxf5 20. g4 Rxf3 21. Nxf3 Nef4 22. Bxf4 Nxf4 23. Qe3 Bxg4 24. Re1 Qf7 25. Nd2 Rf8 26. f3 Bh3 27. Ne4 Ng2 28. Qg5 Nxe1 29. Rxe1 Qxf3 0-1

[Event "Tuzla op 16th"]
[Site "Tuzla"]
[Date "2022.11.25"]
[Round "3"]
[White "Acimovic, Radivoje"]
[Black "Sisic, Muhamed"]
[Result "0-1"]
[WhiteElo "2055"]
[BlackElo "1839"]
[PlyCount "92"]
[EventDate "2022.11.24"]
[EventType "swiss"]
[EventRounds "7"]
[EventCountry "BIH"]
[SourceTitle "CBM 211 Extra"]
[Source "ChessBase"]
[SourceDate "2023.01.31"]
[SourceVersion "1"]
[SourceVersionDate "2023.01.31"]
[SourceQuality "1"]

1. e4 c6 2. d4 d5 3. e5 Bf5 4. Nf3 e6 5. Be2 Nd7 6. 0-0 Ne7 7. a4 c5 8. Be3 Nc6 9. Bb5 Rc8 10. Nbd2 cxd4 11. Bxc6 dxe3 12. Bxd7+ Qxd7 13. fxe3 Bxc2 14. Qe1 Be7 15. Nd4 0-0 16. Qg3 Qd8 17. N2f3 Qb6 18. b3 Rc3 19. Nxc2 Rxc2 20. Nd4 Rc3 21. Rfc1 Qc5 22. Rxc3 Qxc3 23. Qe1 Rc8 24. Qxc3 Rxc3 25. Nb5 Rxb3 26. Rc1 g6 27. Rc7 Bg5 28. Nd6 Bxe3+ 29. Kf1 d4 30. Rc8+ Kg7 31. Ne8+ Kh6 32. Nf6 Bg5 33. Ne4 Be3 34. Nf6 Rb2 35. h4 Rf2+ 36. Ke1 Rxg2 37. Rh8 g5 38. h5 g4 39. Rxh7+ Kg5 40. Rg7+ Kh4 41. h6 Bxh6 42. Rxf7 d3 43. Rd7 d2+ 44. Kf1 Rh2 45. Rd4 Rh1+ 46. Ke2 Re1+ 0-1

[Event "Tuzla op 16th"]
[Site "Tuzla"]
[Date "2022.11.24"]
[Round "1"]
[White "Aleksic, Neven"]
[Black "Sisic, Muhamed"]
[Result "1/2-1/2"]
[WhiteElo "2180"]
[BlackElo "1839"]
[PlyCount "45"]
[EventDate "2022.11.24"]
[EventType "swiss"]
[EventRounds "7"]
[EventCountry "BIH"]
[SourceTitle "CBM 211 Extra"]
[Source "ChessBase"]
[SourceDate "2023.01.31"]
[SourceVersion "1"]
[SourceVersionDate "2023.01.31"]
[SourceQuality "1"]

1. Nf3 c5 2. c4 Nf6 3. Nc3 e6 4. d4 cxd4 5. Nxd4 Be7 6. e3 0-0 7. Be2 d5 8. 0-0 Nc6 9. b3 Nxd4 10. Qxd4 dxc4 11. Qxc4 Bd7 12. Bb2 Bc6 13. Rfd1 Qa5 14. Qf4 Rac8 15. a3 Rfd8 16. b4 Qb6 17. h3 a6 18. Rac1 Rxd1+ 19. Rxd1 h6 20. Bd3 Qc7 21. Qxc7 Rxc7 22. Ne2 Be4 23. Bxf6 1/2-1/2

[Event "Hvar Arsenal op"]
[Site "Hvar"]
[Date "2022.10.14"]
[Round "9"]
[White "Simunic, Krunoslav"]
[Black "Sisic, Muhamed"]
[Result "0-1"]
[WhiteElo "1949"]
[BlackElo "1795"]
[PlyCount "64"]
[EventDate "2022.10.08"]
[EventType "swiss"]
[EventRounds "9"]
[EventCountry "CRO"]
[SourceTitle "CBM 210 Extra"]
[Source "ChessBase"]
[SourceDate "2022.11.30"]
[SourceVersion "1"]
[SourceVersionDate "2022.11.30"]
[SourceQuality "1"]

1. d4 Nf6 2. c4 d6 3. Nc3 Bf5 4. g3 e5 5. dxe5 dxe5 6. Qb3 Qc8 7. Bg2 c6 8. e4 Be6 9. Bf1 Nbd7 10. Qc2 Bc5 11. h3 0-0 12. Nf3 h6 13. a3 Rd8 14. b4 Bd4 15. Bb2 a5 16. c5 b6 17. Nxd4 exd4 18. Na4 axb4 19. axb4 b5 20. Nb6 Rxa1+ 21. Bxa1 Nxb6 22. cxb6 Qa6 23. Bb2 Qxb6 24. Bd3 Nd7 25. f4 Nf6 26. f5 Bc4 27. 0-0 Qc7 28. Rf3 Bxd3 29. Rxd3 Nxe4 30. Bxd4 Rxd4 31. Rxd4 Qxg3+ 32. Kf1 Qf3+ 0-1

[Event "Hvar Arsenal blitz op"]
[Site "Hvar"]
[Date "2022.10.11"]
[Round "8"]
[White "Golubovic, Erik"]
[Black "Sisic, Muhamed"]
[Result "0-1"]
[WhiteElo "1669"]
[BlackElo "1979"]
[PlyCount "46"]
[EventDate "2022.10.11"]
[EventType "swiss (blitz)"]
[EventRounds "11"]
[EventCountry "CRO"]
[SourceTitle "CBM 210 Extra"]
[Source "ChessBase"]
[SourceDate "2022.11.30"]
[SourceVersion "1"]
[SourceVersionDate "2022.11.30"]
[SourceQuality "1"]

1. e4 c5 2. c3 Nf6 3. e5 Nd5 4. Nf3 e6 5. d4 cxd4 6. cxd4 Nc6 7. Bc4 Nb6 8. Bb3 d6 9. Qe2 dxe5 10. dxe5 Bb4+ 11. Nbd2 0-0 12. 0-0 Nd5 13. Bc2 Nf4 14. Qe4 Ng6 15. h4 h5 16. Qc4 Bxd2 17. Bxd2 Nce7 18. Bg5 Qb6 19. Qe4 Qc6 20. Qd3 Qd5 21. Qxd5 exd5 22. Rad1 Be6 23. Nd4 Rfc8 0-1

[Event "BIH-chT 29th"]
[Site "Bihac"]
[Date "2022.08.24"]
[Round "3.4"]
[White "Sisic, Muhamed"]
[Black "Kekic, Armin"]
[Result "1/2-1/2"]
[WhiteElo "1811"]
[BlackElo "2136"]
[PlyCount "30"]
[EventDate "2022.08.23"]
[EventType "tourn"]
[EventRounds "9"]
[EventCountry "BIH"]
[SourceTitle "CBM 210 Extra"]
[Source "ChessBase"]
[SourceDate "2022.11.30"]
[SourceVersion "1"]
[SourceVersionDate "2022.11.30"]
[SourceQuality "1"]

1. d4 d6 2. Nf3 Nd7 3. Bf4 Ngf6 4. e3 Nh5 5. Bg3 Nxg3 6. hxg3 Nf6 7. Bd3 g6 8. c3 Bg7 9. Nbd2 c6 10. Qc2 Qc7 11. Ng5 h6 12. Ngf3 Be6 13. Ne4 0-0-0 14. Qa4 Ng4 15. b4 Bd7 1/2-1/2

[Event "BIH-chT1A 28th"]
[Site "Mostar"]
[Date "2021.08.09"]
[Round "6.4"]
[White "Kekic, Armin"]
[Black "Sisic, Muhamed"]
[Result "1-0"]
[WhiteElo "2188"]
[BlackElo "1688"]
[PlyCount "89"]
[EventDate "2021.08.06"]
[EventType "team-tourn"]
[EventRounds "9"]
[EventCountry "BIH"]
[SourceTitle "CBM 203 Extra"]
[Source "ChessBase"]
[SourceDate "2021.09.30"]
[SourceVersion "1"]
[SourceVersionDate "2021.09.30"]
[SourceQuality "1"]
[WhiteTeam "Cazin Ljiljan"]
[BlackTeam "Gracanica"]
[WhiteTeamCountry "BIH"]
[BlackTeamCountry "BIH"]

1. c4 e6 2. g3 d5 3. Bg2 dxc4 4. Qa4+ c6 5. Qxc4 Nf6 6. Nf3 Qd5 7. Qc2 Qc5 8. Nc3 Be7 9. d4 Qb6 10. 0-0 0-0 11. e4 Rd8 12. h3 Na6 13. Be3 Nb4 14. Qb1 Bd7 15. a3 Na6 16. b4 Nc7 17. Rd1 Nb5 18. Nxb5 Qxb5 19. Bf1 Qb6 20. Ne5 Be8 21. Qc2 a5 22. Nc4 Qa7 23. Nxa5 Rac8 24. Nc4 Nd5 25. Qd3 Nxe3 26. Qxe3 b5 27. Ne5 Qb6 28. Rd3 Ra8 29. Rc1 Ra6 30. Rcc3 f6 31. Nf3 Bg6 32. Bg2 Bd6 33. Nh4 e5 34. Qd2 Rda8 35. Nxg6 hxg6 36. dxe5 Bxe5 37. Rb3 c5 38. bxc5 Qxc5 39. Rd5 Qa7 40. Rbxb5 Rxa3 41. Rd7 Ra1+ 42. Bf1 Qa3 43. Rbb7 Qf8 44. Kg2 g5 45. Bc4+ 1-0

[Event "BIH-chT1A 28th"]
[Site "Mostar"]
[Date "2021.08.07"]
[Round "3.1"]
[White "Buljubasic, Sabahudin"]
[Black "Sisic, Muhamed"]
[Result "1-0"]
[WhiteElo "2278"]
[BlackElo "1688"]
[PlyCount "73"]
[EventDate "2021.08.06"]
[EventType "team-tourn"]
[EventRounds "9"]
[EventCountry "BIH"]
[SourceTitle "CBM 203 Extra"]
[Source "ChessBase"]
[SourceDate "2021.09.30"]
[SourceVersion "1"]
[SourceVersionDate "2021.09.30"]
[SourceQuality "1"]
[WhiteTeam "Zivinice"]
[BlackTeam "Gracanica"]
[WhiteTeamCountry "BIH"]
[BlackTeamCountry "BIH"]

1. e4 d5 2. exd5 Qxd5 3. Nc3 Qd8 4. d4 Nf6 5. Nf3 Bg4 6. h3 Bh5 7. g4 Bg6 8. Bg2 c6 9. Ne5 Nd5 10. h4 Nb4 11. Nxg6 hxg6 12. Be3 e6 13. g5 Qc7 14. Ne2 Nd5 15. Bd2 Bd6 16. c4 Nf4 17. Bxf4 Bxf4 18. Qb3 Nd7 19. Qf3 Bd6 20. 0-0-0 Qa5 21. c5 Be7 22. Kb1 Qb4 23. Rd3 Rb8 24. Rb3 Qc4 25. Qe3 a5 26. Rc3 Qa6 27. Nf4 Nf8 28. Qe5 Rd8 29. Qxg7 Rh7 30. Qe5 Nd7 31. Qe4 Kf8 32. Bf1 Qa7 33. Rf3 Kg8 34. h5 Bxg5 35. Rg1 Bxf4 36. hxg6 fxg6 37. Qxg6+ 1-0

[Event "BIH-chT1A 28th"]
[Site "Mostar"]
[Date "2021.08.07"]
[Round "2.3"]
[White "Sisic, Muhamed"]
[Black "Musovic, Armin"]
[Result "0-1"]
[WhiteElo "1688"]
[BlackElo "2282"]
[PlyCount "64"]
[EventDate "2021.08.06"]
[EventType "team-tourn"]
[EventRounds "9"]
[EventCountry "BIH"]
[SourceTitle "CBM 203 Extra"]
[Source "ChessBase"]
[SourceDate "2021.09.30"]
[SourceVersion "1"]
[SourceVersionDate "2021.09.30"]
[SourceQuality "1"]
[WhiteTeam "Gracanica"]
[BlackTeam "Konjic Igman"]
[WhiteTeamCountry "BIH"]
[BlackTeamCountry "BIH"]

1. d4 d5 2. Bf4 c5 3. c3 Qb6 4. Qc2 cxd4 5. cxd4 Nc6 6. e3 Bf5 7. Qxf5 Qxb2 8. Qxd5 e5 9. Bc4 Bb4+ 10. Kd1 exf4 11. Qxf7+ Kd8 12. Qxb7 Rc8 13. Qxg7 Nce7 14. Qf8+ Kd7 15. Qf7 Qxa1 16. Be6+ Kd8 17. Qf8+ Kc7 18. Bxc8 Qxb1+ 19. Ke2 Nxc8 20. Qg7+ Nge7 21. Qxh8 Qc2+ 22. Kf3 Qd1+ 23. Ne2 Qxh1 24. Qxh7 fxe3 25. Qc2+ Kd8 26. fxe3 Qf1+ 27. Kg3 Be1+ 28. Kh3 Qf2 29. g3 Nf5 30. Qe4 Qf1+ 31. Qg2 Qxg2+ 32. Kxg2 Nxe3+ 0-1

[Event "BIH-chTA 27th"]
[Site "Lukavac"]
[Date "2020.10.31"]
[Round "2.4"]
[White "Mumanovic, Adis"]
[Black "Sisic, Muhamed"]
[Result "1-0"]
[WhiteElo "2092"]
[BlackElo "1725"]
[PlyCount "75"]
[EventDate "2020.10.30"]
[EventType "team-tourn"]
[EventRounds "9"]
[EventCountry "BIH"]
[SourceTitle "CBM 199 Extra"]
[Source "ChessBase"]
[SourceDate "2021.01.31"]
[SourceVersion "1"]
[SourceVersionDate "2021.01.31"]
[SourceQuality "1"]
[WhiteTeam "Srebrenik"]
[BlackTeam "Gracanica"]
[WhiteTeamCountry "BIH"]
[BlackTeamCountry "BIH"]

1. e4 c6 2. d4 d5 3. exd5 Qxd5 4. Nf3 Bg4 5. Be2 Nf6 6. Be3 e6 7. c3 Qa5 8. Nbd2 Nd5 9. 0-0 Nd7 10. Nc4 Qc7 11. Nfe5 Bxe2 12. Qxe2 Nxe5 13. Nxe5 Bd6 14. Bd2 Bxe5 15. dxe5 0-0-0 16. c4 Ne7 17. Bc3 h5 18. Qe3 b6 19. a4 Nf5 20. Qe4 c5 21. a5 Qb7 22. f3 Nd4 23. axb6 axb6 24. Bxd4 cxd4 25. Qd3 Kc7 26. b4 h4 27. h3 Kd7 28. Qxd4+ Ke7 29. Qe3 Rh5 30. c5 Rd5 31. f4 bxc5 32. bxc5 Rh8 33. Rfb1 Qc6 34. Rb6 Qc7 35. c6 Rb8 36. Rxb8 Qxb8 37. Ra7+ Kf8 38. Qa3+ 1-0